000 01061cam a2200289 a 4500
001 2161
005 20231110110704.0
020 _a0689816081
020 _a9780689844522
040 _aDLC
_cDLC
_dDLC
_beng
050 0 0 _aPZ7.A1857
_bYo 1998
082 0 0 _a303
_221
100 1 _aAda, Alma Flor
245 1 0 _aYours truly, Goldilocks /
_cby Alma Flor Ada ; illustrated by Leslie Tryon.
250 _aFirst Aladdin Paperbacks edition August 2001
260 _aNew York :
_bAladdin Paperbacks,
_c1998
300 _a29 unnumbered pages :
_bIllustrations
_c26 cm
505 _aN
520 _aPresents the correspondence of Goldilocks, the three pigs, Baby Bear, Peter Rabbit, and Little Red Riding Hood as they plan to attend a housewarming party for the pigs and avoid the evil wolves in the forest.
521 _a810
_bLexile
521 _aN
_bRaz-Plus
650 1 _aCharacters in literature
_xFiction.
650 1 _aLetters
_xFiction.
700 1 _aTryon, Leslie
_eillustrator
906 _a7
_bcbc
_corignew
_d1
_eocip
_f19
_gy-gencatlg
942 _2ddc
_cBK
_n0
999 _c2161
_d2161